| 000 | 00468nam a2200169 i 4500 | ||
|---|---|---|---|
| 001 | 29960 | ||
| 003 | ES-MaACL | ||
| 007 | t| | ||
| 008 | 030123q19501959sp ||||1| spa d | ||
| 245 | 0 | 0 | _aAntología literaria. |
| 260 |
_aMadrid : _bEditorial Bibliográfica Española, _c195-?] ( _fEugenio Sánchez Leal) |
||
| 300 |
_a328 p. ; _c20 cm. |
||
| 490 | 1 | _aTextos E.P. | |
| 830 | 0 |
_aTextos E.P. _9182083 |
|
| 852 |
_aES-MaACL _jE-2239 _bR.23059 |
||
| 999 |
_c29960 _d29960 |
||